Εμπορευματογνωσία : ήτοι περί των εμπορευσίμων φυσικών και βιομηχανικών προϊόντων.
Αποθηκεύτηκε σε:
| Κύριος συγγραφέας: | |
|---|---|
| Μορφή: | Βιβλίο |
| Γλώσσα: | Greek |
| Δημοσίευση: |
Αθήναι :
Ν. Τζάκα & Σ. Δελαγραμμάτικα,
1924.
|
| Έκδοση: | 3η εκδ., επαυξ. |
| Θέματα: | |
| Ετικέτες: |
Προσθήκη ετικέτας
Δεν υπάρχουν, Καταχωρήστε ετικέτα πρώτοι!
|
MARC
| LEADER | 00000cam a2200000 i 4500 | ||
|---|---|---|---|
| 001 | 1/38739 | ||
| 008 | 131126s1924 gr ||| | gre|| | ||
| 035 | |l 10116075 | ||
| 040 | |a GR-MyUA |b gre |e AACR2 | ||
| 041 | 1 | |a gre | |
| 082 | 0 | |a 380 |2 (22) | |
| 100 | 1 | |a Πανάς, Νικόλαος Α. | |
| 245 | 1 | 0 | |a Εμπορευματογνωσία : |b ήτοι περί των εμπορευσίμων φυσικών και βιομηχανικών προϊόντων. |
| 250 | |a 3η εκδ., επαυξ. | ||
| 260 | |a Αθήναι : |b Ν. Τζάκα & Σ. Δελαγραμμάτικα, |c 1924. | ||
| 300 | |a 447 σ. ; |c 23 εκ. | ||
| 500 | |a Το αντίτυπο 1 στη σ.τ. ιδιόχειρη αφιέρωση "Δωρεά προς την Βιβλιοθήκη του Γυμνασίου Καρλοβασίου 1-11-62 Αδαμόπουλος ..." και σφραγίδα "ΔΙΑ ΤΟΝ ΔΙΔΑΣΚΟΝΤΑ". Στο εσώφυλλο ετικέτα "Δημήτριος Φραγγίδης καλλιτέχνης βιβλιοδέτης - Σάμος Βαθύ". | ||
| 500 | |a Το αντίτυπο 2 στη σ.τ. γράφει Ισμήνη Καλομοίρη 1939-40 τάξη β' και σφραγίδα απο το "Εμπορικόν Κατάστημα Βιβλιοχαρτοπωλείον Νικολάου Αθανασίου Σαράντου Καρλόβασι Σάμος". | ||
| 500 | |a Πρός χρήσιν των εμπορικών σχολών, των εμπόρων και των βιομηχάνων. | ||
| 500 | |a Η ανατύπωσις και η μετάφρασις τω συγγραφεί. | ||
| 650 | 0 | 0 | |a Merchandising. |
| 852 | |a INST |b SAMOS |e 20200818 |h 380 ΠΑΝ |p 005300046663 |q 005300046663 |t CLO |y 23 | ||
| 852 | |a INST |b SAMOS |c PORFYRIADA |e 20131126 |h 380 ΠΑΝ |p 005300036076 |q 005300036076 |t NOLOAN |y 23 | ||
| 901 | |a BIBL3-2013-3 | ||
| 909 | |a Σ |b 184252 | ||
| 970 | |a ΚΟΣΙΕΡΗΣ |b ΧΡΗΣΤΟΣ |z 2013/11/26 | ||